De la naturaleza de las cosas (de rerum natura) / (Record no. 94894)

MARC details
000 -LEADER
campo de control de longitud fija 00622nam a2200181 i 4500
001 - NÚMERO DE CONTROL
campo de control 94894
003 - IDENTIFICADOR DE NÚMERO DE CONTROL
campo de control ES-MaACL
005 - FECHA Y HORA DE LA ÚLTIMA TRANSACCIÓN
campo de control 20230906181558.0
007 - CAMPO FIJO DE DESCRIPCIÓN FÍSICA--INFORMACIÓN GENERAL
campo de control de longitud fija t|
008 - DATOS DE LONGITUD FIJA--INFORMACIÓN GENERAL
campo de control de longitud fija 050517s1968 sp ||||1| spa d
100 1# - ENTRADA PRINCIPAL--NOMBRE DE PERSONA
Nombre de persona Lucrecio Caro, Tito.
9 (RLIN) 74604
245 10 - MENCIÓN DEL TÍTULO
Título De la naturaleza de las cosas (de rerum natura) /
Mención de responsabilidad, etc. Tito Lucrecio Caro; traducción de José Marchena.; introducción y notas de Domingo Plácido Suárez.
260 ## - PUBLICACIÓN, DISTRIBUCIÓN, ETC.
Lugar de publicación, distribución, etc. Madrid :
Nombre del editor, distribuidor, etc. Ciencia Nueva,
Fecha de publicación, distribución, etc. 1968.
300 ## - DESCRIPCIÓN FÍSICA
Extensión 374 p., 3 h. ;
Dimensiones 18 cm.
700 1# - ENTRADA AGREGADA--NOMBRE PERSONAL
Nombre de persona Marchena, José.
9 (RLIN) 76419
700 1# - ENTRADA AGREGADA--NOMBRE PERSONAL
Nombre de persona Plácido, Domingo.
9 (RLIN) 92506
852 ## - LOCALIZACIÓN
Ubicación ES-MaACL
Número de control de estantería C-34825
Sublocalización o colección R.66918
Holdings
Estatus retirado Estado de pérdida Estado de daño No para préstamo Biblioteca de origen Biblioteca actual Ubicación en estantería Fecha de adquisición Fuente de adquisición Total de préstamos Signatura topográfica completa Código de barras Visto por última vez Precio de reemplazo Tipo de ítem Koha
        Biblioteca del Ateneo de Madrid Biblioteca del Ateneo de Madrid Depósito 2 17/01/2008     C-34825 1099098 23/02/2023 23/02/2023 Libro impreso